00615nam a2200181Ia 4500008004100000020001500041041001200056082001600068100001700084245007300101260002500174300000800199650001600207700001700223942000700240999001500247952017100262221030s9999 xx 000 0 und d a007044532X aEnglish a105.23bPap aC. H. Pappas 0aVisual C++ 6 : The Complete Referencecby C. H. Pappas, W. H. Murray bTMHaNew Delhic2003 a259 aBE Computer aW. H. Murray cBK c1708d1708 pBE 7685g225.00l0o105.23 Papr2024-06-13 00:00:00w2022-10-30yBK003Print4070aMIETLIBbMIETLIBcBL-Academic Block C, FL-2, CUP-49, SH-3, R-3d2005-04-3010HBE